50 музикални инструмента - Statistics

General Stats
  • This quiz has been taken 172 times
  • The average score is 20 of 50
Answer Stats
Picture Answer % Correct
китара
96%
гайда
93%
акордеон
93%
арфа
93%
цигулка
91%
хармоника
83%
пиано
80%
орган
74%
барабан
71%
саксофон
69%
кларинет
61%
тромпет
61%
тъпан
60%
туба
58%
маракас
55%
флейта
55%
дайре
55%
тромбон
51%
гъдулка
51%
чинел
49%
виолончело
48%
виола
47%
кавал
43%
банджо
38%
контрабас
37%
лира
36%
тарамбука
31%
ксилофон
30%
укулеле
27%
валдхорна
26%
тамбура
25%
тимпани
23%
окарина
21%
кастанети
20%
кречетало
20%
бузуки
19%
фагот
19%
мандолина
18%
обой
18%
балалайка
15%
панфлейта
9%
лютня
7%
бонго
7%
ситар
6%
диджериду
6%
маримба
5%
цитра
5%
гусла
3%
конга
2%
тамбурина
1%
No matching quizzes found
Score Distribution
Percent of People with Each Score
Percentile by Number Answered
Your Score History
You have not taken this quiz